Ludwig 2. /

Uloženo v:
Podrobná bibliografie
Hlavní autor: Herre, Franz (Autor)
Médium: Kniha
Jazyk:italština
Vydáno: Milano : Bompiani, 1992
Edice:I grandi ; 230
Témata:
Tagy: Přidat tag
Žádné tagy, Buďte první, kdo vytvoří štítek k tomuto záznamu!

MARC

LEADER 00000nam a22000007i 4500
001 IT\ICCU\LO1\0096743
003 ItRI
005 20260115231912.0
008 920819s1992 it |||||| ||||| |||||c
015 |2 IT  |a 92-7751 
020 |a 8845219119 
040 |b ita  |c importazione bologna sebina 
041 7 |a ita  |2 ISO-639-2 
082 |a 943  |9 STORIA DELL'EUROPA CENTRALE  |2 11 
100 1 |a Herre, Franz  |0 IT\ICCU\CFIV\042060  |4 aut 
240 1 0 |a Ludwig 2. von Bayern. -  |3 IT\ICCU\CFI\0090065  |9 Herre, Franz 
245 1 0 |a Ludwig 2. /  |c Franz Herre. 
260 |a Milano :  |b Bompiani,  |c 1992 
300 |a 300 p. ;  |c 20 cm 
650 7 |a Luigi <re di Baviera ; 2.>  |2 scbi 
830 2 |a I grandi ;  |v 230  |0 IT\ICCU\CFI\0000873 
942 |2 ddc  |c BK  |n 0 
952 |0 0  |1 0  |4 0  |6 DOC_943_308000000000000_HER  |7 0  |9 15937  |a BO  |b BO  |d 2026-01-15  |i 2911  |l 0  |o DOC 943.308 HER  |p BO2911  |r 2026-01-15 23:19:12  |w 2026-01-15  |x [Sebina 5] [1 v.]  |y BK  |z 1 v. 
999 |c 13700  |d 13700